000 00333nam a2200133Ia 4500
008 240112s1973 JULY xx 000 0 und d
041 _aeng
082 _a618.05
100 _aFARBER S.J.
245 _aAMERICAN JOU. OF MEDICAL SCIENCE
260 _bCHARLES B. SLACK INS.PUB.
_c1973 JULY
300 _a476,HB
440 _v266
999 _c1142004
_d1142004